Stranger Things Characters by Screen Time - Statistics

General Stats
  • This quiz has been taken 1,431 times
    545 since last reset
  • The average score is 14 of 16
Answer Stats
Minutes Character % Correct
557 Eleven
100%
438 Mike Wheeler
98%
361 Will Byers
97%
402 Dustin Henderson
96%
372 Lucas Sinclair
96%
433 Nancy Wheeler
95%
339 Steve Harrington
94%
368 Max Mayfield
92%
365 Joyce Byers
91%
443 Jim Hopper
89%
233 Jonathan Byers
86%
139 Robin Buckley
85%
64 Erica Sinclair
76%
45 Billy Hargrove
67%
69 Murray Bauman
66%
61 Holly Wheeler
64%
No matching quizzes found
Score Distribution
Percent of People with Each Score
Percentile by Number Answered
Your Score History
You have not taken this quiz since the last reset